Responses for show #7808 - Wednesday, July 18, 2018

Ryan Fenster game 6.

Contestants

Caitlion O'Neill, a vegan cheesemaker from New Orleans, Louisiana

Kyle Adams, a communications manager from Monument, Colorado

Ryan Fenster, a banker from SeaTac, Washington (whose 5-day cash winnings total $113,798)

Jeopardy! Round responses

HISTORIC HISTORY FROM THE PAST
THE WEATHER
PUN-ISHING CLUES
NOVELS
"NEW" GEOGRAPHY
FILM & HIT SONG SAME NAME
(Alex: We'll give you the name of a star of the film and a performer of the song. You identify it for us.)
    $200 1
NAFTA

Ryan
    $200 4
humidity

Caitlion
    $200 16
to dilate/die late

Triple Stumper
    $200 3
a submarine

Caitlion
    $200 19
New Delhi

Ryan
    $200 26
(Kyle: What is "What's Love Got To Do With It?")

"Proud Mary"

KyleCaitlion
    $400 2
tea

Kyle
    $400 5
a cold front

Caitlion
    $400 17
(Caitlion: What are predators?)

Paris sites/parasites

Caitlion
Triple Stumper
    $400 8
Australia

Ryan
    $400 9
New Mexico

Caitlion
    $600 13
glasnost

Ryan
    $600 6
California

Caitlion
    $600 23
her mitt/hermit

Kyle
    $600 20
Arthur Conan Doyle

Ryan
    $600 10
Newfoundland

Caitlion
    $2,000 28
(Alex: Caitlion?)
(Caitlion: What is National Treasure?)
...
[The end-of-round signal sounds.]

"Leaving Las Vegas"

Caitlion
    $800 14
the Rubicon

Caitlion
    $800 7
(Caitlion: What is the biosphere?)

the troposphere

KyleCaitlion
    $800 24
hatch it/hatchet

Ryan
    $800 21
Starship Troopers

Kyle
    $800 11
New Guinea

Kyle
    $800 27
"Can't Buy Me Love"

Triple Stumper
    $1000 15
(Ryan: What is nerve gas?)
(Kyle: What is mustard gas?)
...
[Ryan rings in again]
(Alex: You can't ring in again, Ryan.)

sarin

RyanKyle
Triple Stumper
    $1000 18
(Ryan: What is a high pressure system?)

an inversion layer

Ryan
Triple Stumper
    $1000 25
(Alex: Less than a minute now.)

ex-tent/extent

Triple Stumper
    $1000 22
The Road

Ryan
    $1000 12
New Bedford

Ryan

Scores at the first commercial break (after clue 15):

Ryan Kyle Caitlion
$1,200 $1,000 $2,400

Scores at the end of the Jeopardy! Round:

Ryan Kyle Caitlion
$2,800 $2,200 $200

Double Jeopardy! Round responses

SOCRATES, PLATO & ARISTOTLE
THE OED's RECENT WORDS
THAT'S SO RANDOM!
A LITTLE SCIENCE
NEW PHONE
WHO "DIS"?
    $400 3
(Caitlion: What is a... narrative?)

a dialogue

RyanCaitlion
    $400 1
Mom and Dad

Caitlion
    $400 14
an automobile

Ryan
    $400 19
calorie

Caitlion
    $400 6
(Ryan: What's a battery?)

a charger

Ryan
Triple Stumper
    $400 26
Madison

Kyle
    $800 4
ethics

Ryan
    $800 2
peer-to-peer

Ryan
    $800 21
Heineken

Kyle
    $800 20
(Caitlion: What is Pavlov?)

Pavlovian

KyleCaitlion
    $800 7
frames per second

Kyle
    $800 27
Walt Disney

Caitlion
    $1200 5
nothing

Kyle
    $1200 11
the Webby Awards

Triple Stumper
    $1200 22
a logjam

Caitlion
    $1200 23
lactic acid

Ryan
    $1200 8
Gorilla

Kyle
    $1200 28
Rocco DiSpirito

Triple Stumper
    $4,800 15
(Ryan: What is drama?)
(Alex: [Inhales sharply])
(Ryan: Oh, what is--)
(Alex: No, sorry.)
(Ryan: What is [*]?)
(Alex: No, you can't correct yourself after I've ruled you incorrect. It's [*], but you didn't correct in time. Sorry.)

tragedy

Ryan
    $2,200 12
(Caitlion: What are SparkNotes?)

CliffsNotes

Caitlion
    $1600 18
Minnesota and Montana

Ryan
    $1600 25
ionization

Kyle
    $1600 9
Blackberry

Kyle
    $1600 29
John Landis

Triple Stumper
    $2000 16
the cave

Ryan
    $2000 13
Zika

Caitlion
    $2000 17
a bat

Ryan
    $2000 24
light-years

Caitlion
    $2000 10
212

Caitlion
    $2000 30
Anthony Kiedis

Triple Stumper

Scores at the end of the Double Jeopardy! Round:

Ryan Kyle Caitlion
$6,800 $10,600 $5,600

[wagering suggestions for these scores]

Final Jeopardy! Round responses

20th CENTURY PRESIDENTIAL ELECTIONS
(Alex: [To Ryan] Jimmy Carter against Ronald Reagan.)
CaitlionWhat is 1992?
$5,598
RyanWhat is 1980?
$6,799
KyleWhat is 1962?
$3,001
1980

Final scores:

Ryan Kyle Caitlion
$13,599 $7,599 $2
6-day champion: $127,397 2nd place: $2,000 3rd place: $1,000

Game dynamics:

Coryat scores:

Ryan Kyle Caitlion
$11,600 $10,600 $9,800
16 R,
4 W
(including 1 DD)
13 R,
2 W
15 R,
6 W
(including 2 DDs)

Combined Coryat: $32,000

The J! Archive is created by fans, for fans. The Jeopardy! game show and all elements thereof, including but not limited to copyright and trademark thereto, are the property of Jeopardy Productions, Inc. and are protected under law. This website is not affiliated with, sponsored by, or operated by Jeopardy Productions, Inc. Join the discussion at JBoard.tv.